Instance matching : μεταπτυχιακή διατριβή

Η ολοκλήρωση της πληροφορίας έχει εδώ και πολύ καιρό αναγνωρίσει το πρόβλημα εύρεσης σημασιολογικών συνώνυμων οντοτήτων ως το πρόβλημα αναγνώρισης οντοτήτων που προέρχονται από διαφορετικές πηγές δεδομένων (έγγραφα του διαδικτύου) αλλά αναφέρονται στην ίδια φυσική οντότητα. Στο πλαίσιο του σημασιολ...

Πλήρης περιγραφή

Αποθηκεύτηκε σε:
Λεπτομέρειες βιβλιογραφικής εγγραφής
Κύριος συγγραφέας: Βογιατζή, Φωτεινή
Συγγραφή απο Οργανισμό/Αρχή: Πανεπιστήμιο Αιγαίου. Σχολή Θετικών Επιστημών. Τμήμα Μηχανικών Πληροφοριακών και Επικοινωνιακών Συστημάτων. Π.Μ.Σ. Τεχνολογίες και Διοίκηση Πληροφοριακών και Επικοινωνιακών Συστημάτων. Διαχείριση πληροφορίας
Μορφή: Thesis Βιβλίο
Γλώσσα:English
Δημοσίευση: 2010.
Θέματα:
Διαθέσιμο Online:http://hdl.handle.net/11610/12595
Ετικέτες: Προσθήκη ετικέτας
Δεν υπάρχουν, Καταχωρήστε ετικέτα πρώτοι!

MARC

LEADER 00000cam a2200000 i 4500
001 1/7785
008 100526s2010 gr | ||| |||| ||eng||
035 |l 10107992 
040 |a GR-MyUA  |b gre  |e AACR2 
041 0 |a eng 
082 0 |a 006.332   |2 (22)  
100 1 |a Βογιατζή, Φωτεινή. 
245 1 0 |a Instance matching :   |b μεταπτυχιακή διατριβή /   |c Φωτεινή Βογιατζή ; επιβλέπων καθηγητής Γεώργιος Βούρος.  
260 |c 2010.  
300 |a viii, 114 σ. :   |b εικ. ;   |c 30 εκ.  
500 |a Μέλη της εξεταστικής επιτροπής: Γεώργιος Βούρος, Κωνσταντίνος Κώτης, Θεόδωρος Τζουραμάνης.  
502 |a Διατριβή (μεταπτυχιακή) – Πανεπιστήμιο Αιγαίου, Σάμος, 2010. 
504 |a Βιβλιογραφία : σ. 112-114.  
520 |a Η ολοκλήρωση της πληροφορίας έχει εδώ και πολύ καιρό αναγνωρίσει το πρόβλημα εύρεσης σημασιολογικών συνώνυμων οντοτήτων ως το πρόβλημα αναγνώρισης οντοτήτων που προέρχονται από διαφορετικές πηγές δεδομένων (έγγραφα του διαδικτύου) αλλά αναφέρονται στην ίδια φυσική οντότητα. Στο πλαίσιο του σημασιολογικού ιστού προτείνουμε μια μέθοδο αναγνώρισης τέτοιων οντοτήτων μεταξύ διαφορετικών δομημένων εγγράφων ανεξάρτητα από το μέγεθος του εγγράφου. Η μέθοδός μας χρησιμοποιεί ως είσοδο την αντιστοιχία σχήματος μεταξύ αυτών των δομημένων εγγράφων (γλώσσες RDF, OWL) και εφαρμόζει τεχνικές περικοπής των χρησιμοποιούμενων ιδιοτήτων και κλάσεων του σχήματος που οδηγούν την επιλογή των προς σύγκριση οντοτήτων. Η μέθοδος υπολογίζει για κάθε επιλεγμένο ζεύγος οντοτήτων το βαθμό ομοιότητας τους βασισμένο σε υβριδικές μεθόδους απόστασης (απόσταση Huffman Distance και SMOA, απόσταση Levenshtein και SMOA). Τα πειράματα μας έγιναν πάνω στο ARS σύνολο δομημένων εγγράφων που είναι ένα από τα σύνολα δομημένων εγγράφων του διαγωνισμού ΟΑΕΙ 2009. Τα πειραματικά μας αποτελέσματα είναι αξιοπρεπή συγκρινόμενα με τα αντίστοιχα αποτελέσματα του διαγωνισμού ΟΑΕΙ 2009. 
610 2 0 |a University of the Aegean  |x Dissertations. 
650 0 0 |a Dissertations, Academic  |z Greece. 
650 0 0 |a Ontology. 
650 0 0 |a Semantic Web. 
700 1 |a Βούρος, Γεώργιος,  |e dgs 
710 2 |a Πανεπιστήμιο Αιγαίου.   |b Σχολή Θετικών Επιστημών.   |b Τμήμα Μηχανικών Πληροφοριακών και Επικοινωνιακών Συστημάτων.   |b Π.Μ.Σ. Τεχνολογίες και Διοίκηση Πληροφοριακών και Επικοινωνιακών Συστημάτων.   |b Διαχείριση πληροφορίας. 
852 |a INST  |b SAMOS  |c DIATR  |e 20100526  |h 006.332 ΒΟΓ  |p 005300031859  |q 005300031859  |t MTXE  |y 23 
852 |a INST  |b SAMOS  |c DIATR  |e 20100526  |h 006.332 ΒΟΓ  |p 005300031860  |q 005300031860  |t MTXE  |y 23 
856 |u http://hdl.handle.net/11610/12595 
901 |a BIBL3-2010-2 
909 |a Σ  |b 162338 
909 |a Σ  |b 162339 
924 |a ΒΟΓΙΑΤΖΗ  |b ΦΩΤΕΙΝΗ  |y Σάμος  |z 2010-05 
970 |a ΚΟΣΙΕΡΗΣ  |b ΧΡΗΣΤΟΣ  |z 2010/05/26